Bailey & Love's Short practice of surgery,2 (Record no. 3632)
[ view plain ]
| 000 -LEADER | |
|---|---|
| fixed length control field | 01014nac a22002651u 4500 |
| 020 ## - INTERNATIONAL STANDARD BOOK NUMBER | |
| International Standard Book Number | 0718604776 |
| 082 00 - DEWEY DECIMAL CLASSIFICATION NUMBER | |
| Classification number | 617 |
| Item number | B1541 |
| 090 ## - LOCALLY ASSIGNED LC-TYPE CALL NUMBER (OCLC); LOCAL CALL NUMBER (OCLC) | |
| -- | 3632 |
| -- | 3632 |
| 100 ## - MAIN ENTRY--PERSONAL NAME | |
| Personal name | Bailey, Hamilton, |
| 245 10 - TITLE STATEMENT | |
| Title | Bailey & Love's Short practice of surgery,2 |
| 250 ## - EDITION STATEMENT | |
| Edition statement | 19th ed. / |
| Remainder of edition statement | revised by A.J. Harding Rains and H. David Ritchie. |
| 260 ## - PUBLICATION, DISTRIBUTION, ETC. (IMPRINT) | |
| Place of publication, distribution, etc | London : |
| Name of publisher, distributor, etc | H. K. Lewis,1984 |
| Date of publication, distribution, etc | 1984. |
| 300 ## - PHYSICAL DESCRIPTION | |
| Extent | ix,1301p. : |
| Other physical details | ill(some col.), forms ; |
| Dimensions | 26cm. |
| 500 ## - GENERAL NOTE | |
| General note | Includes index. |
| 500 ## - GENERAL NOTE | |
| General note | Previous ed.: 1981. |
| 500 ## - GENERAL NOTE | |
| General note | Donations |
| 504 ## - BIBLIOGRAPHY, ETC. NOTE | |
| Bibliography, etc | Donations-Bibliotheca Alexandrina |
| 650 #0 - SUBJECT ADDED ENTRY--TOPICAL TERM | |
| Topical term or geographic name as entry element | Surgery. |
| 650 #0 - SUBJECT ADDED ENTRY--TOPICAL TERM | |
| Topical term or geographic name as entry element | Medicine |
| General subdivision | Surgery |
| 700 1# - ADDED ENTRY--PERSONAL NAME | |
| Personal name | Love, R. J. McNeill |
| Fuller form of name | (Robert John McNeill), |
| Dates associated with a name | 1891- |
| 740 0# - ADDED ENTRY--UNCONTROLLED RELATED/ANALYTICAL TITLE | |
| Uncontrolled related/analytical title | Short practice of surgery. |
| 942 ## - ADDED ENTRY ELEMENTS (KOHA) | |
| Item type | Book - Borrowing |
| Call number prefix | 617B1541 |
| Withdrawn status | Item status | Source of classification or shelving scheme | Damaged status | Not for loan | Home library | Current library | Shelving location | Date acquired | Source of acquisition | Total Checkouts | Full call number | Barcode | Date last seen | Koha item type |
|---|---|---|---|---|---|---|---|---|---|---|---|---|---|---|
| Dewey Decimal Classification | Central Library | Central Library | First floor | 05/07/2007 | Purchase | 617 BAI | 000030321 | 15/07/2025 | Book - Borrowing | |||||
| Dewey Decimal Classification | Central Library | Central Library | First floor | 05/07/2007 | Purchase | 617 BAI | 000030334 | 15/07/2025 | Book - Borrowing |